<?xml version="1.0" encoding="UTF-8"?>
<record
    xmlns:xsi="http://www.w3.org/2001/XMLSchema-instance"
    xsi:schemaLocation="http://www.loc.gov/MARC21/slim http://www.loc.gov/standards/marcxml/schema/MARC21slim.xsd"
    xmlns="http://www.loc.gov/MARC21/slim">

  <leader>02216Cam#a2200385#a#4500</leader>
  <controlfield tag="005">20220224182322.0</controlfield>
  <controlfield tag="008">160307s2015||||ag ado j#f   #000|0#spa#d</controlfield>
  <datafield tag="020" ind1=" " ind2=" ">
    <subfield code="a">9789500115728</subfield>
  </datafield>
  <datafield tag="040" ind1=" " ind2=" ">
    <subfield code="a">AR-BeUNQ</subfield>
    <subfield code="b">spa</subfield>
  </datafield>
  <datafield tag="082" ind1="0" ind2="4">
    <subfield code="a">570.7</subfield>
    <subfield code="2">21</subfield>
  </datafield>
  <datafield tag="100" ind1="1" ind2=" ">
    <subfield code="a">Mart&#xED;nez, Sof&#xED;a.</subfield>
  </datafield>
  <datafield tag="245" ind1="0" ind2="2">
    <subfield code="a">Saber hacer biolog&#xED;a : </subfield>
    <subfield code="b">la comunicaci&#xF3;n y la informaci&#xF3;n en los seres vivos. </subfield>
    <subfield code="c">autores, Sof&#xED;a In&#xE9;s Mart&#xED;nez y Mar&#xED;a Joselevich ; editor, Pablo Salom&#xF3;n.</subfield>
    <subfield code="n">(3)ES / </subfield>
  </datafield>
  <datafield tag="260" ind1=" " ind2=" ">
    <subfield code="a">San Isidro : </subfield>
    <subfield code="b">Estrada, </subfield>
    <subfield code="c">c2015.</subfield>
  </datafield>
  <datafield tag="300" ind1=" " ind2=" ">
    <subfield code="a">31 p. : </subfield>
    <subfield code="b">il., fot., gr&#xE1;ficos ; </subfield>
    <subfield code="c">27 cm.</subfield>
  </datafield>
  <datafield tag="490" ind1="1" ind2=" ">
    <subfield code="a">Huellas</subfield>
  </datafield>
  <datafield tag="500" ind1=" " ind2=" ">
    <subfield code="a">Material complementario de: Biolog&#xED;a. (3)ES.</subfield>
  </datafield>
  <datafield tag="505" ind1="0" ind2=" ">
    <subfield code="a">La comunicaci&#xF3;n cient&#xED;fica -- Observaci&#xF3;n de regularidades -- C&#xF3;mo se realiza un informe cient&#xED;fico -- Los modelos en ciencias -- La simulaci&#xF3;n con modelos en ciencias -- Implicaciones sociales de la ciencia y la tecnolog&#xED;a -- Diferencias entre describir y explicar -- Argumentar, algo m&#xE1;s que opinar -- C&#xF3;mo se organiza un debate -- Proyectos Taller de ciencias en la net</subfield>
  </datafield>
  <datafield tag="650" ind1=" " ind2="7">
    <subfield code="a">Biolog&#xED;a</subfield>
    <subfield code="2">spines</subfield>
  </datafield>
  <datafield tag="650" ind1=" " ind2="7">
    <subfield code="a">Investigaci&#xF3;n</subfield>
    <subfield code="2">spines</subfield>
  </datafield>
  <datafield tag="650" ind1=" " ind2="7">
    <subfield code="a">Divulgaci&#xF3;n cient&#xED;fica</subfield>
    <subfield code="2">spines</subfield>
  </datafield>
  <datafield tag="650" ind1=" " ind2="7">
    <subfield code="a">Sociolog&#xED;a de la ciencia</subfield>
    <subfield code="2">spines</subfield>
  </datafield>
  <datafield tag="650" ind1=" " ind2="7">
    <subfield code="a">Comunicaci&#xF3;n formal</subfield>
    <subfield code="2">spines</subfield>
  </datafield>
  <datafield tag="650" ind1=" " ind2="7">
    <subfield code="a">Ense&#xF1;anza media</subfield>
    <subfield code="2">spines</subfield>
  </datafield>
  <datafield tag="650" ind1=" " ind2="7">
    <subfield code="a">Manuales</subfield>
    <subfield code="2">spines</subfield>
  </datafield>
  <datafield tag="700" ind1="1" ind2=" ">
    <subfield code="a">Joselevich, Mar&#xED;a, </subfield>
    <subfield code="e">autor</subfield>
    <subfield code="4">aut</subfield>
  </datafield>
  <datafield tag="700" ind1="1" ind2=" ">
    <subfield code="a">Salom&#xF3;n, Pablo, </subfield>
    <subfield code="e">editor.</subfield>
    <subfield code="4">edt</subfield>
  </datafield>
  <datafield tag="830" ind1=" " ind2="0">
    <subfield code="a">Huellas (Estrada).</subfield>
  </datafield>
  <datafield tag="929" ind1=" " ind2=" ">
    <subfield code="a">COMPRA</subfield>
    <subfield code="b">El Monje Libros</subfield>
    <subfield code="c">Compra 2015 Exp. 827-2158/15</subfield>
    <subfield code="d">252,00 (obra completa)</subfield>
    <subfield code="e">20151229</subfield>
    <subfield code="f">PAT0062369</subfield>
    <subfield code="j">54218</subfield>
  </datafield>
  <datafield tag="929" ind1=" " ind2=" ">
    <subfield code="a">COMPRA</subfield>
    <subfield code="b">El Monje Libros</subfield>
    <subfield code="c">Compra 2015 Exp. 827-2158/15</subfield>
    <subfield code="d">252,00 (obra completa)</subfield>
    <subfield code="e">20151229</subfield>
    <subfield code="f">PAT0062370</subfield>
    <subfield code="j">54219</subfield>
  </datafield>
  <datafield tag="929" ind1=" " ind2=" ">
    <subfield code="a">COMPRA</subfield>
    <subfield code="b">El Monje Libros</subfield>
    <subfield code="c">Compra 2015 Exp. 827-2158/15</subfield>
    <subfield code="d">252,00 (obra completa)</subfield>
    <subfield code="e">20151229</subfield>
    <subfield code="f">PAT0062371</subfield>
    <subfield code="j">54220</subfield>
  </datafield>
  <datafield tag="929" ind1=" " ind2=" ">
    <subfield code="a">COMPRA</subfield>
    <subfield code="b">El Monje Libros</subfield>
    <subfield code="c">Compra 2015 Exp. 827-2158/15</subfield>
    <subfield code="d">252,00 (obra completa)</subfield>
    <subfield code="e">20151229</subfield>
    <subfield code="f">PAT0062372</subfield>
    <subfield code="j">54221</subfield>
  </datafield>
  <datafield tag="929" ind1=" " ind2=" ">
    <subfield code="a">COMPRA</subfield>
    <subfield code="b">El Monje Libros</subfield>
    <subfield code="c">Compra 2015 Exp. 827-2158/15</subfield>
    <subfield code="d">252,00 (obra completa)</subfield>
    <subfield code="e">20151229</subfield>
    <subfield code="f">PAT0062373</subfield>
    <subfield code="j">54222</subfield>
  </datafield>
  <datafield tag="929" ind1=" " ind2=" ">
    <subfield code="a">COMPRA</subfield>
    <subfield code="b">El Monje Libros</subfield>
    <subfield code="c">Compra 2015 Exp. 827-2158/15</subfield>
    <subfield code="d">252,00 (obra completa)</subfield>
    <subfield code="e">20151229</subfield>
    <subfield code="f">PAT0062374</subfield>
    <subfield code="j">54223</subfield>
  </datafield>
  <datafield tag="942" ind1=" " ind2=" ">
    <subfield code="c">LIB</subfield>
    <subfield code="n">0</subfield>
  </datafield>
  <datafield tag="999" ind1=" " ind2=" ">
    <subfield code="c">104</subfield>
    <subfield code="d">104</subfield>
  </datafield>
  <datafield tag="952" ind1=" " ind2=" ">
    <subfield code="0">0</subfield>
    <subfield code="1">0</subfield>
    <subfield code="a">BIBESET</subfield>
    <subfield code="b">BIBESET</subfield>
    <subfield code="c">circulacion</subfield>
    <subfield code="d">2016-06-02</subfield>
    <subfield code="h">v. 3</subfield>
    <subfield code="l">0</subfield>
    <subfield code="o">570.7 MAR</subfield>
    <subfield code="p">54218</subfield>
    <subfield code="r">2016-06-02</subfield>
    <subfield code="t">1</subfield>
    <subfield code="w">2022-02-24</subfield>
    <subfield code="y">LIB</subfield>
    <subfield code="k">CMG</subfield>
  </datafield>
  <datafield tag="952" ind1=" " ind2=" ">
    <subfield code="0">0</subfield>
    <subfield code="1">0</subfield>
    <subfield code="a">BIBESET</subfield>
    <subfield code="b">BIBESET</subfield>
    <subfield code="c">circulacion</subfield>
    <subfield code="d">2016-06-02</subfield>
    <subfield code="h">v. 3</subfield>
    <subfield code="l">0</subfield>
    <subfield code="o">570.7 MAR</subfield>
    <subfield code="p">54219</subfield>
    <subfield code="r">2016-06-02</subfield>
    <subfield code="t">2</subfield>
    <subfield code="w">2022-02-24</subfield>
    <subfield code="y">LIB</subfield>
    <subfield code="k">CMG</subfield>
  </datafield>
  <datafield tag="952" ind1=" " ind2=" ">
    <subfield code="0">0</subfield>
    <subfield code="1">0</subfield>
    <subfield code="a">BIBESET</subfield>
    <subfield code="b">BIBESET</subfield>
    <subfield code="c">circulacion</subfield>
    <subfield code="d">2016-06-02</subfield>
    <subfield code="h">v. 3</subfield>
    <subfield code="l">0</subfield>
    <subfield code="o">570.7 MAR</subfield>
    <subfield code="p">54220</subfield>
    <subfield code="r">2016-06-02</subfield>
    <subfield code="t">3</subfield>
    <subfield code="w">2022-02-24</subfield>
    <subfield code="y">LIB</subfield>
    <subfield code="k">CMG</subfield>
  </datafield>
  <datafield tag="952" ind1=" " ind2=" ">
    <subfield code="0">0</subfield>
    <subfield code="1">0</subfield>
    <subfield code="a">BIBESET</subfield>
    <subfield code="b">BIBESET</subfield>
    <subfield code="c">circulacion</subfield>
    <subfield code="d">2016-06-02</subfield>
    <subfield code="h">v. 3</subfield>
    <subfield code="l">0</subfield>
    <subfield code="o">570.7 MAR</subfield>
    <subfield code="p">54221</subfield>
    <subfield code="r">2016-06-02</subfield>
    <subfield code="t">4</subfield>
    <subfield code="w">2022-02-24</subfield>
    <subfield code="y">LIB</subfield>
    <subfield code="k">CMG</subfield>
  </datafield>
  <datafield tag="952" ind1=" " ind2=" ">
    <subfield code="0">0</subfield>
    <subfield code="1">0</subfield>
    <subfield code="a">BIBESET</subfield>
    <subfield code="b">BIBESET</subfield>
    <subfield code="c">circulacion</subfield>
    <subfield code="d">2016-06-02</subfield>
    <subfield code="h">v. 3</subfield>
    <subfield code="l">0</subfield>
    <subfield code="o">570.7 MAR</subfield>
    <subfield code="p">54222</subfield>
    <subfield code="r">2016-06-02</subfield>
    <subfield code="t">5</subfield>
    <subfield code="w">2022-02-24</subfield>
    <subfield code="y">LIB</subfield>
    <subfield code="k">CMG</subfield>
  </datafield>
  <datafield tag="952" ind1=" " ind2=" ">
    <subfield code="0">0</subfield>
    <subfield code="1">0</subfield>
    <subfield code="a">BIBESET</subfield>
    <subfield code="b">BIBESET</subfield>
    <subfield code="c">circulacion</subfield>
    <subfield code="d">2016-06-02</subfield>
    <subfield code="h">v. 3</subfield>
    <subfield code="l">1</subfield>
    <subfield code="o">570.7 MAR</subfield>
    <subfield code="p">54223</subfield>
    <subfield code="r">2019-12-27</subfield>
    <subfield code="s">2019-12-27</subfield>
    <subfield code="t">6</subfield>
    <subfield code="w">2022-02-24</subfield>
    <subfield code="y">LIB</subfield>
    <subfield code="k">CMG</subfield>
  </datafield>
</record>
